000 00318pab a2200145 454500
008 180718b1998 xxu||||| |||| 00| 0 eng d
100 _aBhambhri, C.P.
245 _aWoes of gender politics
260 _c1998
300 _ap.13
362 _a4 Aug
650 _aWomen
773 _aHindustan Times
909 _a39518
999 _c39518
_d39518